|
|
|
|
| LEADER |
00000nam a22000007a 4500 |
| 005 |
20160413132029.0 |
| 007 |
cr|||| ||u| |
| 008 |
160413s2014 bl ||||| |||| 00||0 por d |
| 020 |
|
|
|a 978-85-7456-311-4
|
| 035 |
|
|
|a 14101
|
| 040 |
|
|
|a vLex
|
| 090 |
|
|
|c 5985
|d 5985
|
| 100 |
1 |
|
|a Hanada, Fb̀io
|
| 245 |
1 |
0 |
|a Condomn̕io Edilc̕io. Queste̳s Relevantes. A (difc̕il) Convivn̊cia Condominial
|h [Recurso electrn̤ico] /
|c Fb̀io Hanada
|
| 256 |
|
|
|a Servicio en ln̕ea
|
| 260 |
|
|
|a Brasil
|b LEUD
|c 2014
|
| 300 |
|
|
|a 1 recurso electrn̤ico
|
| 506 |
1 |
|
|a Contenido solo disponible en los productos indicados
|d vLex Global
|d vLex Global (Academic Edition, excluding Law Schools)
|d vLex Global (U.S. Academic Edition, Law Schools)
|d vLex Global (U.S. Academic Edition, excluding Law Schools)
|d vLex Global (Academic Edition, Law Schools)
|
| 650 |
0 |
4 |
|a Derecho
|z Brasil
|
| 700 |
0 |
|
|a Ranieri Hanada, Andrǎ
|
| 740 |
0 |
|
|a vLex libros (servicio en ln̕ea)
|
| 856 |
4 |
0 |
|u http://vlex.com/source/condominio-edilicio-14101
|z Acceso restringido
|
| 942 |
|
|
|c BOOK
|
| 999 |
0 |
|
|a Law
|b Brasil
|